Lienzos istmeños / (Record no. 17653)
[ view plain ]
| 000 -CABECERA | |
|---|---|
| campo de control de longitud fija | 00671cam a2200193 a 4500 |
| 001 - NÚMERO DE CONTROL | |
| campo de control | 000018132 |
| 005 - FECHA Y HORA DE LA ÚLTIMA TRANSACCIÓN | |
| campo de control | 20200929165352.0 |
| 008 - DATOS DE LONGITUD FIJA--INFORMACIÓN GENERAL | |
| campo de control de longitud fija | 751021s1968 sp 001 j spa d |
| 040 ## - FUENTE DE LA CATALOGACIÓN | |
| Centro catalogador/agencia de origen | DO-SdBNP |
| Lengua de catalogación | spa |
| Centro/agencia transcriptor | BNPHU |
| 082 ## - NÚMERO DE LA CLASIFICACIÓN DECIMAL DEWEY | |
| Número de clasificación | P863.42 |
| Número de documento/Ítem | T266L |
| 100 1# - ENTRADA PRINCIPAL--NOMBRE DE PERSONA | |
| Nombre de persona | Tejeira, Gil Blas, |
| Fechas asociadas al nombre | 1901-1975 |
| 9 (RLIN) | 39288 |
| 245 10 - MENCIÓN DE TÍTULO | |
| Título | Lienzos istmeños / |
| Mención de responsabilidad, etc. | Gil Blas Tejeira ; prólogo de Ranato Ozores. |
| 260 ## - PUBLICACIÓN, DISTRIBUCIÓN, ETC. | |
| Lugar de publicación, distribución, etc. | Madrid, España : |
| Nombre del editor, distribuidor, etc. | Ediciones Cultura Hispánica, |
| Fecha de publicación, distribución, etc. | 1968. |
| 300 ## - DESCRIPCIÓN FÍSICA | |
| Extensión | 505 p. ; |
| Dimensiones | 22 cm. |
| 650 24 - PUNTO DE ACCESO ADICIONAL DE MATERIA--TÉRMINO DE MATERIA | |
| Término de materia o nombre geográfico como elemento de entrada | Cuentos panameños |
| 9 (RLIN) | 18046 |
| 651 #4 - PUNTO DE ACCESO ADICIONAL DE MATERIA--NOMBRE GEOGRÁFICO | |
| Nombre geográfico | Panamá |
| Subdivisión general | Vida Social Y Costumbres |
| -- | Cuentos |
| 9 (RLIN) | 39289 |
| 650 24 - PUNTO DE ACCESO ADICIONAL DE MATERIA--TÉRMINO DE MATERIA | |
| Término de materia o nombre geográfico como elemento de entrada | Brujas |
| Subdivisión general | Mitos y leyendas |
| 9 (RLIN) | 39290 |
| 700 1# - PUNTO DE ACCESO ADICIONAL--NOMBRE DE PERSONA | |
| Nombre de persona | Ozores, Ranato, |
| Término indicativo de función/relación | pról. |
| 9 (RLIN) | 39291 |
| Estado de retiro | Estado de pérdida | Restricciones de uso | No para préstamo | Código de colección | Localización permanente | Ubicación/localización actual | Ubicación en estantería | Fecha de adquisición | Número de inventario | Total de préstamos | Signatura topográfica completa | Código de barras | Fecha visto por última vez | Precio válido a partir de | Tipo de ítem Koha |
|---|---|---|---|---|---|---|---|---|---|---|---|---|---|---|---|
| Monografías: Libros y Folletos | General | General | En catalogación | 15.04.2010 | LF1 | P863.42 T266L | 18132-10 | 25.06.2020 | 25.06.2020 | Préstamo en sala |
